MTG Planes from A-Z - Statistics

General Stats
  • This quiz has been taken 68 times
    62 since last reset
  • The average score is 10 of 24
Answer Stats
Hint Answer % Correct
I Ixalan | Ikora | Ilcae | Innistrad | Iquatana | Ir | Ikoria
79%
Z Zendikar | Zhalfir
74%
R Ravnica | Rabiah | Rath | Regatha
72%
T Tarkir | The Abyss | Theros | Tavelia | Thunder Junction | Tolvada | The Edge | The Dalek Asylum | The Library | Time | Trenzalore
72%
D Dominaria | Duskmourn | Diraden | Darillium
70%
K Kaladesh | Kaldheim | Kamigawa | Karsus | Kephalai | Kinshala | Kodisha | Kolbahan | Kylem | Kyneth | Kandoka
70%
P Phyrexia | Pyrulea
65%
E Eldraine | Echoir | Equilor | Ergamon | Earth | Esper
60%
M Mirrodin | Meditation Plane | Mercadia | Metal Island | Mirrankkar | Moag | Mongseng | Muraganda | Moon | Mars | MagicCon
58%
A Amoketh | Alara | Alkabah | Antausia | Aranzhur | Arcavios | Arkhos | Azgol | Azoria | Amsterdam | Alfava | Metraxis | Androzani Minor | Apalapucia
56%
B Bloomburrow | Belenon | Bant
56%
S Shenmeng | Segovia | Serra's Realm | Shandalar | Shadowmoor | Seven Planes of Parnash | Skalla | Skaro | Spacecraft
53%
N New Phyrexia | Nether Void | Necros | New Earth | Naya
42%
C Capenna | Cabralin | Cridhe | Chicago | Clamhattan | Convention Hall
37%
G Gastal | Gargantikar | Gobakhan | Gallifrey | Grixis
35%
J Jund
28%
F Fiora | Fabacin | Foldaria
14%
V Valla | Vryn | Vatraquaz
12%
X Xerex
12%
L Lorwyn-Shadowmoor | Luvion | Las Vegas
9%
U Ulgrotha | Universia Beyondia | Unknown Planet
9%
H Hell | Horsehead Nebula
7%
O Obsidias | Outside Mutter's Spiral
2%
W Wildfire
2%
No matching quizzes found
Score Distribution
Percent of People with Each Score
Percentile by Number Answered
Your Score History
You have not taken this quiz since the last reset